| 000 | 02025nam0a2200325 4500 | ||
|---|---|---|---|
| 001 | RU\NLR\BIBL_A\012027650 | ||
| 005 | 20190624113226.0 | ||
| 010 |
_a978-5-00105-413-9 _9100 |
||
| 021 |
_aRU _bКН-П-19-035828 _9КН-П-19-2643 |
||
| 035 | _a(NLR Aleph) 012027650 | ||
| 035 | _a(RuMoRGB)009981505 | ||
| 090 |
_a11535099 _c11535099 |
||
| 100 | _a20190603d2019 k y0rusy50 ca | ||
| 101 | 0 | _arus | |
| 102 | _aRU | ||
| 105 | _aa|||j|||000zy | ||
| 200 | 1 |
_aТеоретические основы защиты окружающей среды _eзащита атмостферного воздуха от загрязнения _eучебное пособие _e[для подготовки бакалавров по направлению 05.03.06 "Экология и природопользование" и специалистов по специальности 21.05.04 "Горное дело" (специализация 8 "Горнопромышленная экология")] _fА. Е. Исаков |
|
| 210 |
_aСанкт-Петербург _c[б. и.] _d2019 |
||
| 215 |
_a97 с. _cил., табл. _d21 |
||
| 320 | _aБиблиогр.: с. 96 (9 назв.) | ||
| 606 | 1 |
_aОкружающая среда _xОхрана _xАппараты и приборы _jУчебные издания для высших учебных заведений _2nlr_sh1 _2nlr_sh2 _3RU\NLR\AUTH\66810767 |
|
| 606 | 1 |
_aВоздух _xОчистка _xАппараты и приборы _jУчебные издания для высших учебных заведений _2nlr_sh2 _3RU\NLR\AUTH\661580868 |
|
| 606 | 1 |
_aОтходящие газы _xОчистка _jУчебные издания для высших учебных заведений _2nlr_sh1 _2nlr_sh2 _3RU\NLR\AUTH\664847 |
|
| 686 | 1 | _aН932я73-1 | |
| 700 | 1 |
_aИсаков _bА. Е. _gАлександр Евгеньевич |
|
| 942 | _cBOOK | ||
| 980 | _aNBR | ||
| 980 | _aNB | ||